| 000 | 00429 a2200157 4500 | ||
|---|---|---|---|
| 005 | 20250616142816.0 | ||
| 020 | _a0-07-255217-4 | ||
| 082 | _a658.8 PET | ||
| 100 | _aPETER, P. J | ||
| 245 | _aMarketing Management: Knowledge and Skills | ||
| 250 | _a7th Ed. | ||
| 260 |
_aBoston _bMcGraw-Hill Irwin _c2004. |
||
| 300 |
_axix,876p.:ill.;diagrams, pictutres, tables _bIndex _c26cm |
||
| 700 | _aJames H. Donnelly | ||
| 942 |
_2ddc _cBKS |
||
| 999 |
_c4158 _d4158 |
||